Cambridge English worldwide : Teacher's book

Đã lưu trong:
Sonraí Bibleagrafaíochta
Príomhúdar: Littlejohn, Andrew
Formáid: Leabhar
Teanga:Undetermined
Foilsithe: Cambridge, UK Cambridge University Press 1999
Ábhair:
Clibeanna: Cuir Clib Leis
Gan Chlibeanna, Bí ar an gcéad duine leis an taifead seo a chlibeáil!
Thư viện lưu trữ: Trung tâm Học liệu Trường Đại học Cần Thơ
LEADER 00662nam a2200217Ia 4500
001 CTU_52140
008 210402s9999 xx 000 0 und d
020 |c 135000 
082 |a 428.0071 
082 |b L778 
100 |a Littlejohn, Andrew 
245 0 |a Cambridge English worldwide : 
245 0 |b Teacher's book 
245 0 |c Andrew Littlejohn, Diana Hicks 
260 |a Cambridge, UK 
260 |b Cambridge University Press 
260 |c 1999 
650 |a English language,English language 
650 |x Textbooks for foreign speakers,Study and teaching (Secondary) 
904 |i Minh, H.Mai 
980 |a Trung tâm Học liệu Trường Đại học Cần Thơ